00400nam a2200157Ia 45000010006000000050017000060080041000230410008000640820017000721000044000892450057001332600009001903000027001996500008002266540008002342133320260306172911.0260306t1997||||xx |||||||||||||| ||spa|| aESP a344.528bB81 aBramont-Arias Torres, Luis AlbertoeAUT 0aEl delito informático en el código penal peruano c1997 a84 páginas :c18 cm. aGEN aCDE